|
|
|
|
| LEADER |
00938nam a2200253 a 4500 |
| 001 |
12183288 |
| 008 |
090601s2001 txua b 001 0 eng d |
| 010 |
|
|
|a 00708782
|
| 020 |
|
|
|a 0030338271
|
| 040 |
|
|
|a DLC
|c DLC
|d DLC
|
| 082 |
0 |
0 |
|a 658
|2 21
|
| 100 |
1 |
|
|a Daft, Richard L.
|
| 245 |
1 |
0 |
|a Understanding management /
|c Richard L. Daft, Dorothy Marcic.
|
| 250 |
|
|
|a 3rd ed.
|
| 260 |
|
|
|a Fort Worth :
|b Harcourt College Publishers,
|c c2001.
|
| 300 |
|
|
|a xxviii, 606 p. :
|b col. ill. ;
|c 26 cm.
|
| 490 |
1 |
|
|a Harcourt management series
|
| 504 |
|
|
|a Includes bibliographical references and indexes.
|
| 541 |
1 |
|
|e 00014830
|
| 650 |
|
0 |
|a Management.
|
| 700 |
1 |
|
|a Marcic, Dorothy.
|
| 852 |
4 |
|
|a Ayesha Abed Library
|j General Shelf.
|
| 999 |
|
|
|c 1270
|d 1270
|
| 952 |
|
|
|0 0
|1 4
|2 ddc
|4 0
|6 658_000000000000000_DAF
|7 0
|9 1154
|a BRACUL
|b BRACUL
|c GEN
|d 2009-06-25
|g 0.00
|l 0
|o 658 DAF
|p 3010014830
|r 2009-06-25
|t 1
|w 2009-06-25
|y BK
|x No price found in the accession register.
|